[Event "British Championship"]
[Site "?"]
[Date "2008.08.05"]
[Round "8.7"]
[White "Trent, Lawrence"]
[Black "Arkell, Keith C"]
[Result "0-1"]
[WhiteElo "2470"]
[BlackElo "2506"]
[Annotator ",Andrew Martin GOTD 8"]
[PlyCount "98"]
[EventDate "2008.07.??"]
[SourceDate "2008.07.28"]

1. e4 c6 2. c4 d5 3. cxd5 cxd5 4. exd5 Nf6 5. Qa4+ Nbd7 6. Nc3 g6 7. Bc4 Bg7 8.
d3 O-O 9. Nf3 a6 {# Keith is happy to play these gambits and 1 e4 c6 2 d4 d5 3
cxd5 cxd5 4 c4 Nf6 5 Nc3 g6!? is another of his favourites. It isn't easy for
White to keep control of the position and if Black regains the pawn,he will
usually retain the better pawn structure.} 10. Qa3 {To prevent ...b5} Nb6 11.
Qb3 Nxc4 12. dxc4 b5 $1 {He has to destroy the White central pawns at all cost,
or White will just simply build up on the efile and nail Black to e7.} 13. O-O
bxc4 14. Qxc4 e6 15. Bg5 h6 $5 $146 (15... exd5 16. Qh4 Qb6 17. Rad1 {
is a model of what White should be doing # and so Keith comes up with an
improvement.} Bb7 18. Be3 Qd8 19. Qb4 Qb8 20. Bd4 a5 21. Qa4 Rc8 22. Be5 Qa7
23. Qh4 Rc4 24. Nd4 Ne4 25. Bxg7 Kxg7 26. Nxe4 dxe4 27. Ne6+ Kg8 28. Qf6 {
1-0 Gschnitzer,O-Kick,J/Oberwinden 2007}) 16. Bxf6 Qxf6 17. Rfe1 (17. d6 {
would have been the first move to consider,but of course this unleashes the
Bishop pair:} Bb7 18. Qg4 Bxf3 19. Qxf3 Qxf3 20. gxf3 Rab8 {
#    A typical line where only Black can now be better.}) 17... Rb8 18. Rad1 (
18. Rab1 {would have been more testing.    You have to keep your nerve in the
British. My impression is that Lawrence was so upset about his loss to Lalic
the day before that it has affected his play in this game.}) 18... exd5 19.
Nxd5 Qxb2 $11 20. Ne7+ Kh7 21. Nc6 Rb6 22. Nd8 $6 (22. Ncd4 Rb4 23. Qc5 {
was a better chance. The Knight on d8 goes into the hole,never to return})
22... Qc3 $1 {Keith knows exactly when to trade and when not. We now enter the
technical phase,where he excels.} 23. Qd5 (23. Qxc3 Bxc3 24. Re7 {
is answered by} Rxd8 25. Rxd8 Rb1+ 26. Ne1 Be6 $1 $19) ({Meanwhile} 23. Qe4 Qf6
24. Qe7 Bg4 {is just clearly better for Black.}) 23... Qf6 24. h3 Rb2 $17 25.
a4 Rc2 {Cleverly keeping the Knight locked in.} 26. Re3 Qb2 27. Rf1 Rc7 28. Nc6
Bb7 29. Nfe5 Qc2 $1 $18 {
The pressure on the White Knights is too great to withstand.} 30. Qd6 Rxc6 31.
Nxc6 Qxc6 32. Qg3 Qxa4 33. Rc1 Bd5 34. Qd6 Be6 35. Rc7 {
White plays on,but without any hope at all. He is just cheesed off.} Qa1+ 36.
Kh2 Qa2 37. f4 Qd5 38. Qxa6 Qd4 39. Rf3 g5 40. Rc1 gxf4 41. Qb5 Be5 42. Re1 f6
43. Qb1+ Kg7 44. Rd1 Rb8 45. Qc1 Qc4 46. Qa3 Bd5 47. Qe7+ Kg6 48. h4 Bxf3 49.
Rd7 Be4 {This was Keith Arkell at his best, creating complications on his own
terms and then ultra-precise in the technical phase.} 0-1

[Event "British Championship"]
[Site "?"]
[Date "2008.08.07"]
[Round "10.3"]
[White "Conquest, Stuart"]
[Black "Haslinger, Stewart"]
[Result "1-0"]
[WhiteElo "2536"]
[BlackElo "2511"]
[Annotator ",Andrew Martin GOTD 10"]
[PlyCount "57"]
[EventDate "2008.07.??"]
[SourceDate "2008.07.28"]

1. c4 Nf6 2. d4 c6 3. Bf4 $5 {As long as b2 can be safely protected there
seems nothing wrong with this unusual Bishop move. It forces Haslinger to
think at a very early stage in a variation with which he presumes he is very
familiar.} d5 (3... d6 4. Nc3 Nbd7 5. Nf3 Qa5 $5 {
going into an Old Indian set-up, might be a good option for Black.}) 4. e3 a6 {
Black sticks to what he knows.} ({Instead} 4... Qb6 $5 {looks reasonable:} 5.
Qb3 e6 6. Nc3 Nbd7 7. Nf3 Be7 8. h3 O-O 9. Be2 {
Izoria,Z-Belov,V/Kusadasi 2006  and now} Qxb3 10. axb3 b6 11. O-O a5 $11) 5.
Nf3 (5. c5 Bg4 6. f3 Bf5 7. g4 Bxb1 8. Qxb1 Nbd7 9. Bd3 e6 10. Ne2 Be7 11. b4
b5 12. a4 Nf8 13. axb5 axb5 14. Bg3 N6d7 15. Nc3 Ng6 16. Ra2 O-O 17. O-O Bh4
18. Rxa8 Qxa8 19. Bxg6 Bxg3 {Hartmann,D-Ouadi,A/France 2007}) 5... e6 6. Nc3
Bb4 $146 ({I wonder why Stewart didn't continue with ....b7-b5, as that is
what he seems to have been preparing:} 6... b5 7. cxd5 (7. c5 $5 Nbd7 8. Bd3
Be7 9. O-O Nh5 10. Be5 O-O 11. Qc2 $14) 7... cxd5 8. Bd3 Bb7 9. O-O Nc6 10. Rc1
Be7 11. Nxb5 axb5 12. Bxb5 Qb6 13. Qb3 O-O 14. Bxc6 Qxb3 15. axb3 Bxc6 16. Rxc6
{1/2-1/2 Ferrero,P-Montagard,G/France 2000}) 7. a3 Bxc3+ 8. bxc3 Qa5 9. Qb3
dxc4 10. Bxc4 Nd5 11. O-O O-O $2 {
# The source of Black's difficulty. He should certainly take the Bishop:} (
11... Nxf4 12. exf4 O-O 13. Rfe1 (13. Bd3 c5 14. Qc2 h6 15. Ne5 Nd7 $11) 13...
c5 (13... Qf5 $5 14. g3 b5 15. Bf1 c5 16. Bg2 Ra7 $13)) 12. Bg3 b5 13. Bd3 Qxc3
14. Qb1 Qa5 {Black finds to his consternation that he cannot protect his
kingside with obvious moves:} (14... h6 15. e4 Nf6 16. Bd6 Rd8 17. Bb4 $18) (
14... g6 15. e4 Nf6 16. Bd6 $18) 15. Bxh7+ $16 Kh8 16. Bd6 Rd8 17. Ne5 $1 {
From here on,Conquest's manner of finishing the game is a joy to behold. he
looks for the best move every time,rather than settling for any routine
continuation.} f5 18. Bg6 Rxd6 19. Nf7+ Kg8 20. Nxd6 Qd8 21. Nxc8 Qxc8 22. e4
$1 ({Many would have settled for} 22. Bh5 Nd7 23. Bf3 {
with the win in sight,but not immediately.}) 22... Nc3 23. Qb3 $1 Ne2+ (23...
Nxe4 24. Bxf5 Ng5 25. Rae1 $18) 24. Kh1 Nf4 25. exf5 Ra7 26. Rae1 Re7 27. Qf3
$1 Nxg6 (27... Qc7 28. Re5 {comes to the same.}) 28. fxg6 Nd7 29. Rxe6 {
A very fine performance by Conquest against a tough,resilient opponent.} 1-0